00833 2200265 4500001002100000005001700021008004100038020001800079035002400097082001200121090002200133245010600155260005300261300001300314500002400327500007300351500002500424650002600449700003500475700001200510850000900522985000600531999001500537999001500552YOGYA-0209000007326520090227093719.0 ind  a979-8547-05-5 0010-020900000073265 a959.823 a959.823bKhalYog aKHASANAH budaya Kraton Yogyakartacpenulis H.Said Agil Husein Al Munawar...[et.al];penyunting,Tashadi aYogyakartabIAIN Sunan Kalijaga Yogyakartac2001 a...jilid aYang diterima:Jil.2 aDiterbitkan atas kerjasama dengan yayasan Kebudayaan Islam Indonesia aTermasuk Bibliografi aKebudayaan Yogyakarta aAl-Munawar, H.Said Agil Husein aTashadi aBPAD a2 a08P0002646 a08P0002647